Post offices in Finland, 1638-1985 (Record no. 1942)

000 -LEADER
fixed length control field 01150nam a22001217a 4500
008 - FIXED-LENGTH DATA ELEMENTS--GENERAL INFORMATION
fixed length control field 160502b xxu||||| |||| 00| 0 eng d
100 ## - MAIN ENTRY--AUTHOR'S NAME
Author's Name Scandinavian Philatelic Foundation
245 ## - TITLE STATEMENT
Title Post offices in Finland, 1638-1985
260 ## - PUBLICATION, DISTRIBUTION, ETC. (IMPRINT)
Place of publication, distribution, etc. Thousand Oaks, CA
Name of publisher, distributor, etc. Scandinavian Philatelic Foundation
Date of publication, distribution, etc. 1989
500 ## - GENERAL NOTE
Materials specified "Introductory section translated from Finnish into English by permission of the Philatelic Federation of Finland, Helsinki (Suomen Filatelistiliitto). Originally published in 1988, as No. 9 in a series, by the Philatelic Federation of Finland, titled as Suomen postitoimipaikat 1638-1985."--t.p. Translation made possible through a grant from the Scandinavian Philatelic Foundation. Introductory section was based on a research paper by Kalle Vaarmas, and it stresses the development of postal markings in Finland. This publication does not include the tables listing Finland's post offices alphabetically along with such information as county of location and dates of establishment and closing that are found in the original work in Finnish.
650 ## - TOPICAL TERM (Tag)
Topical term or geographic name Finland | Postal Markings | Postal History | Post Offices
700 ## - SECONDARY AUTHOR, EDITOR OR ILLUSTRATOR
Personal Name Hvidonov, Anneli
Holdings
Withdrawn status Lost status Source of classification or shelving scheme Damaged status Koha normalized classification for sorting Not for loan Permanent Location Current Location Date acquired Total Checkouts Full call number Barcode Date last seen Price effective from
        G6961 P857 S958   Northern Philatelic Library Northern Philatelic Library 05/02/2016   G6961 P857 S958 1002290 05/02/2016 05/02/2016

Powered by Koha